Diccionario enciclopédico abreviado (Record no. 56260)

MARC details
000 -LEADER
campo de control de longitud fija 00656nam a2200193 i 4500
001 - NÚMERO DE CONTROL
campo de control 56260
003 - IDENTIFICADOR DE NÚMERO DE CONTROL
campo de control ES-MaACL
005 - FECHA Y HORA DE LA ÚLTIMA TRANSACCIÓN
campo de control 20230906163322.0
007 - CAMPO FIJO DE DESCRIPCIÓN FÍSICA--INFORMACIÓN GENERAL
campo de control de longitud fija t|
008 - DATOS DE LONGITUD FIJA--INFORMACIÓN GENERAL
campo de control de longitud fija 031007s1932 sp abf e ||||1|dspa d
080 ## - NÚMERO DE LA CLASIFICACIÓN DECIMAL UNIVERSAL
Número de la Clasificación Decimal Universal 03 = 6
245 00 - MENCIÓN DEL TÍTULO
Título Diccionario enciclopédico abreviado
Resto del título : versiones de la mayoría de las voces en francés, italiano, inglés y alemán.
260 ## - PUBLICACIÓN, DISTRIBUCIÓN, ETC.
Lugar de publicación, distribución, etc. Madrid :
Nombre del editor, distribuidor, etc. Espasa-Calpe,
Fecha de publicación, distribución, etc. 1932.
300 ## - DESCRIPCIÓN FÍSICA
Extensión 3 v. :
Otras características físicas lám., il. col. y n., mapas (algunos pleg.) ;
Dimensiones 26 cm.
505 8# - NOTA DE CONTENIDO CON FORMATO
Nota de contenido con formato Contiene: 1. A-espant - 2. Euris-Poh - 3. Pat-Zyz
650 #4 - PUNTO DE ACCESO ADICIONAL DE MATERIA--TÉRMINO DE MATERIA
Término de materia o nombre geográfico como elemento de entrada Enciclopedias.
9 (RLIN) 12235
710 2# - ENTRADA AGREGADA--NOMBRE DE ENTIDAD CORPORATIVA
Nombre de entidad corporativa o nombre de jurisdicción como elemento de entrada Espasa Calpe.
9 (RLIN) 4008
852 ## - LOCALIZACIÓN
Ubicación ES-MaACL
Número de control de estantería A-1459-61
Holdings
Estatus retirado Estado de pérdida Estado de daño No para préstamo Colección Biblioteca de origen Biblioteca actual Ubicación en estantería Fecha de adquisición Fuente de adquisición Total de préstamos Signatura topográfica completa Código de barras Visto por última vez Precio de reemplazo Tipo de ítem Koha
        Colección de referencia Biblioteca del Ateneo de Madrid Biblioteca del Ateneo de Madrid Sala Pecera Planta 1 17/01/2008     A-1459-61 1059094 23/02/2023 23/02/2023 Libro impreso